[Event "32nd ECC Open 2016"]
[Site "Novi Sad SRB"]
[Date "2016.11.12"]
[Round "7.14"]
[Board "5"]
[White "Georgakopoulos, Nikolaos K."]
[Black "Buss, Ralph"]
[Result "1-0"]
[BlackTitle "IM"]
[WhiteElo "2025"]
[BlackElo "2360"]
[WhiteTeam "Chania Chess Academy"]
[BlackTeam "Schachgesellschaft Riehen"]
[WhiteFideId "4283430"]
[BlackFideId "1305697"]
[EventDate "2016.11.06"]

1. e4 e5 2. Nf3 Nc6 3. d4 exd4 4. Nxd4 Nf6 5. Nxc6 bxc6 6. Bd3 d5 7. e5 Ng8 8.
O-O g6 9. Qe2 Bg7 10. c4 Ne7 11. Bg5 O-O 12. Nc3 Be6 13. Rad1 h6 14. Bf6 Bxf6
15. exf6 Nf5 16. cxd5 cxd5 17. Bxf5 gxf5 18. Qe5 c6 19. Qg3+ 1-0

[Event "32nd ECC Open 2016"]
[Site "Novi Sad SRB"]
[Date "2016.11.12"]
[Round "7.14"]
[Board "6"]
[White "Schmidt-Schaeffer, Sebastian"]
[Black "Vozinaki, Anthi - Maria"]
[Result "1/2-1/2"]
[WhiteElo "2386"]
[BlackElo "1870"]
[WhiteTeam "Schachgesellschaft Riehen"]
[BlackTeam "Chania Chess Academy"]
[WhiteFideId "4610148"]
[BlackFideId "4263898"]
[EventDate "2016.11.06"]

1. d4 Nf6 2. Nf3 e6 3. c4 d5 4. Nc3 c6 5. Bg5 Nbd7 6. e3 Qa5 7. Nd2 Bb4 8. Qc2
O-O 9. Be2 c5 10. O-O cxd4 11. Nb3 Qb6 12. exd4 dxc4 13. Bxc4 a5 14. Rad1 a4 15.
Nc1 Qa5 16. Nb5 Nb6 17. Bxf6 Nxc4 18. Qxc4 gxf6 19. Nc7 b5 20. Qxb5 Qxb5 21.
Nxb5 Rb8 22. Na3 Ba6 23. Nd3 Rfc8 24. f4 Bxa3 25. bxa3 Rc3 26. Rf3 Rxa3 27. Rg3+
Kh8 28. Nc5 Rxg3 29. hxg3 Bc4 30. a3 Bd5 31. Rd2 Rb1+ 32. Kf2 Ra1 33. Nxa4 Rxa3
34. Nb6 Be4 35. Nc4 Rd3 36. Rxd3 Bxd3 37. Nd6 Kg7 38. g4 Kf8 39. Ke3 Bc2 40. Kd2
Bb3 41. g3 Bd5 42. Ke3 Ke7 43. Nb5 Bb3 44. Nc3 Bc2 45. Kd2 Bb3 46. Kd3 Kd6 47.
Ne4+ Ke7 48. g5 fxg5 49. fxg5 Ba2 50. Ke3 Bb1 51. Nf6 Kd6 52. Kf4 Bc2 53. Ng4
Bg6 54. Ne5 Kd5 55. Ke3 Bh5 56. Nd7 Bg6 57. Ne5 Bh5 58. Nd3 Bg4 59. Nb4+ Kd6 60.
Nd3 Kd5 61. Ne5 Bh5 62. Nd7 Bg6 63. Nf6+ Kc6 64. Ng4 Kd5 65. Nf6+ Kc6 66. Ng4 1/2-1/2

[Event "32nd ECC Open 2016"]
[Site "Novi Sad SRB"]
[Date "2016.11.12"]
[Round "7.15"]
[Board "1"]
[White "Dambacher, Martijn"]
[Black "Edouard, Romain"]
[Result "1/2-1/2"]
[WhiteTitle "GM"]
[BlackTitle "GM"]
[WhiteElo "2479"]
[BlackElo "2628"]
[WhiteTeam "KSK47 Eynatten"]
[BlackTeam "KGSRL Gent"]
[WhiteFideId "1005030"]
[BlackFideId "633429"]
[EventDate "2016.11.06"]

1. d4 d5 2. c4 dxc4 3. e4 b5 4. a4 c6 5. axb5 cxb5 6. Nc3 a6 7. Nxb5 axb5 8.
Rxa8 Bb7 9. Ra1 e6 10. f3 f5 11. exf5 Ne7 12. Ra7 Bc6 13. b3 Nxf5 14. bxc4 Bb4+
15. Bd2 Qxd4 16. Bxb4 Qxa7 17. cxb5 Bd5 18. Bd3 Qd4 19. Qd2 Qa1+ 20. Qd1 Qb2 21.
Qd2 Qa1+ 22. Qd1 Qb2 23. Qd2 Qa1+ 1/2-1/2

[Event "32nd ECC Open 2016"]
[Site "Novi Sad SRB"]
[Date "2016.11.12"]
[Round "7.15"]
[Board "2"]
[White "Le Roux, Jean-Pierre"]
[Black "Swinkels, Robin"]
[Result "1/2-1/2"]
[WhiteTitle "GM"]
[BlackTitle "GM"]
[WhiteElo "2549"]
[BlackElo "2480"]
[WhiteTeam "KGSRL Gent"]
[BlackTeam "KSK47 Eynatten"]
[WhiteFideId "609404"]
[BlackFideId "1010824"]
[EventDate "2016.11.06"]

1. d4 d5 2. Nf3 Nf6 3. Bf4 c5 4. e3 Nc6 5. Nbd2 Bg4 6. c3 e6 7. h3 Bh5 8. Be2
Be7 9. O-O O-O 10. dxc5 Bxc5 11. c4 Bd6 12. cxd5 Nxd5 13. Bxd6 Qxd6 14. a3 Rfd8
15. Rc1 Rac8 16. Qb3 Qe7 17. Rfd1 Nf6 18. Qa4 a6 19. b4 Ne5 20. g4 Nxf3+ 21.
Nxf3 Bg6 22. Qa5 Rxd1+ 23. Rxd1 Be4 24. Qe5 h6 25. Nd4 Qc7 26. Qxc7 Rxc7 27. f3
Bg6 28. e4 Kf8 29. Kf2 Ke7 30. h4 Nd7 31. h5 Bh7 32. Nb3 f5 33. exf5 exf5 34.
Na5 fxg4 35. fxg4 Be4 36. Rd4 Nf6 37. Nb3 Rc2 38. Ke1 Ra2 39. Nc5 Bc6 40. Rd3
Nd5 41. Bf3 Nf4 42. Re3+ Kf6 43. Bxc6 bxc6 44. Kd1 Kg5 45. Nxa6 Kxg4 46. Nb8 Nd5
47. Rd3 Kf4 48. Kc1 Ke4 49. Rb3 Ne3 50. Kb1 Rh2 51. Nxc6 Rxh5 52. a4 Rh1+ 53.
Ka2 Rh2+ 54. Kb1 Rh1+ 55. Ka2 Rh2+ 56. Kb1 1/2-1/2

[Event "32nd ECC Open 2016"]
[Site "Novi Sad SRB"]
[Date "2016.11.12"]
[Round "7.15"]
[Board "3"]
[White "Zelbel, Patrick"]
[Black "Rozentalis, Eduardas"]
[Result "1/2-1/2"]
[WhiteTitle "IM"]
[BlackTitle "GM"]
[WhiteElo "2457"]
[BlackElo "2573"]
[WhiteTeam "KSK47 Eynatten"]
[BlackTeam "KGSRL Gent"]
[WhiteFideId "24624322"]
[BlackFideId "12800023"]
[EventDate "2016.11.06"]

1. e4 e6 2. d4 d5 3. Nd2 Be7 4. Bd3 c5 5. dxc5 Nf6 6. Qe2 O-O 7. Ngf3 a5 8. O-O
Na6 9. e5 Nd7 10. c4 Naxc5 11. Bc2 b6 12. Nd4 Ba6 13. Nc6 Qe8 14. b3 f5 15. Bb2
Rc8 16. Nxe7+ Qxe7 17. Qe3 Ne4 18. Nxe4 fxe4 19. Rfd1 b5 20. Qa7 Ra8 21. Qd4
bxc4 22. Bxe4 Rf7 23. Bc2 Raf8 24. Rd2 Qg5 25. Re1 Nb8 26. Qe3 Qxe3 27. Rxe3 Nc6
28. bxc4 Bxc4 29. a3 Rb7 30. Ba4 Rfb8 31. Bxc6 Rxb2 32. Rxb2 Rxb2 33. h4 Kf7 34.
Rf3+ Ke7 35. Rg3 g6 36. h5 gxh5 37. Rg7+ Kd8 38. Rd7+ Kc8 39. Rd6 Kc7 40. Bd7
Re2 41. f4 Re4 42. g3 Re2 43. Bxe6 h4 44. gxh4 Re4 45. Bxd5 Bxd5 46. Rxd5 Rxf4
47. Rxa5 Rxh4 48. Ra6 Re4 49. e6 Kb7 50. Rd6 Kc7 51. Rd7+ Kc6 52. Rxh7 Rxe6 1/2-1/2

[Event "32nd ECC Open 2016"]
[Site "Novi Sad SRB"]
[Date "2016.11.12"]
[Round "7.15"]
[Board "4"]
[White "Schoppen, Casper"]
[Black "Koch, Thomas1"]
[Result "0-1"]
[BlackTitle "IM"]
[WhiteElo "2325"]
[BlackElo "2472"]
[WhiteTeam "KGSRL Gent"]
[BlackTeam "KSK47 Eynatten"]
[WhiteFideId "1046730"]
[BlackFideId "4600533"]
[EventDate "2016.11.06"]

1. e4 c5 2. Nf3 d6 3. d4 cxd4 4. Nxd4 Nf6 5. Nc3 a6 6. Bg5 e6 7. f4 Qc7 8. Qf3
Nc6 9. O-O-O Bd7 10. Kb1 Be7 11. Nb3 h6 12. Bh4 g5 13. fxg5 Ne5 14. Qe2 Nfg4 15.
h3 hxg5 16. Be1 b5 17. a3 Qb6 18. Na2 Rc8 19. g3 Nf6 20. Bf2 Qc7 21. Nb4 a5 22.
Nd3 Nc4 23. Bg2 e5 24. Nbc1 b4 25. axb4 axb4 26. Nb3 Qb7 27. Be1 Bb5 28. Qf3 Bc6
29. Qe2 Bxe4 30. Bxe4 Nxe4 31. Nxb4 Nxg3 32. Bxg3 Qxb4 33. Qf3 e4 34. Qf5 Ra8
35. Rd4 Qa4 36. Rxc4 Qxc4 37. Re1 Ra4 38. Rd1 Qa6 39. Bf2 O-O 40. Rg1 Ra8 41.
Kc1 e3 42. Rxg5+ Kf8 43. Bxe3 Qe2 0-1

[Event "32nd ECC Open 2016"]
[Site "Novi Sad SRB"]
[Date "2016.11.12"]
[Round "7.15"]
[Board "5"]
[White "Hammes, Michael"]
[Black "Goormachtigh, Johan"]
[Result "1-0"]
[WhiteTitle "IM"]
[BlackTitle "FM"]
[WhiteElo "2332"]
[BlackElo "2184"]
[WhiteTeam "KSK47 Eynatten"]
[BlackTeam "KGSRL Gent"]
[WhiteFideId "4619358"]
[BlackFideId "200280"]
[EventDate "2016.11.06"]

1. d4 Nf6 2. c4 g6 3. Nc3 d5 4. cxd5 Nxd5 5. e4 Nxc3 6. bxc3 Bg7 7. Be3 c5 8.
Qd2 Qa5 9. Rc1 cxd4 10. cxd4 Qxd2+ 11. Bxd2 O-O 12. Nf3 b6 13. Bd3 Ba6 14. Ke2
Bxd3+ 15. Kxd3 Na6 16. Rc4 Rfd8 17. Ke2 Rd7 18. Rhc1 Rad8 19. a4 Kf8 20. h4 h6
21. Be3 Ke8 22. g4 Rb7 23. h5 gxh5 24. gxh5 e6 25. e5 f6 26. Rg1 Kf7 27. Rg6 Rc7
28. Rxc7+ Nxc7 29. Bxh6 Bxh6 30. Rxh6 Ne8 31. Rh7+ Kg8 32. Rxa7 fxe5 33. dxe5
Ng7 34. h6 Nf5 35. h7+ Kh8 36. Ng5 Rb8 37. f4 b5 38. axb5 Nd4+ 39. Ke3 Nxb5 40.
Rd7 Nc3 41. Nxe6 Rb3 42. Ng5 1-0

[Event "32nd ECC Open 2016"]
[Site "Novi Sad SRB"]
[Date "2016.11.12"]
[Round "7.15"]
[Board "6"]
[White "Vanheirzeele, Daniel"]
[Black "Vanstreels, Luc"]
[Result "1-0"]
[WhiteElo "2120"]
[BlackElo "2108"]
[WhiteTeam "KGSRL Gent"]
[BlackTeam "KSK47 Eynatten"]
[WhiteFideId "200425"]
[BlackFideId "205737"]
[EventDate "2016.11.06"]

1. d4 Nf6 2. c4 e6 3. Nf3 d5 4. g3 dxc4 5. Bg2 Bb4+ 6. Bd2 c5 7. O-O O-O 8. Qc1
Bxd2 9. Nbxd2 cxd4 10. Nxc4 Nc6 11. Rd1 Re8 12. b4 a6 13. a4 e5 14. b5 Na5 15.
Nfd2 Nxc4 16. Nxc4 axb5 17. axb5 Rxa1 18. Qxa1 Nd5 19. Rd2 Nb6 20. Na5 Qc7 21.
Rd1 Nc4 22. Nxc4 Qxc4 23. Qb2 Bg4 24. Rd2 Qc3 25. Bxb7 Qxb2 26. Rxb2 e4 27. Bc6
Rb8 28. Bxe4 Kf8 29. b6 Ke7 30. b7 Kd6 31. Rb6+ Kc7 32. Rc6+ Kd7 33. Rc2 Kd6 34.
Rd2 Kc5 35. Ra2 Kd6 36. f3 Bd7 37. Rd2 Kc5 38. Rc2+ Kd6 39. Rc4 Ke5 40. Rc5+ Ke6
41. Ra5 Kd6 42. Rd5+ Kc7 43. Rxd4 f5 44. Bd5 Bb5 45. e4 fxe4 46. Bxe4 Re8 47.
Rb4 Kb6 48. Bd3 1-0

[Event "32nd ECC Open 2016"]
[Site "Novi Sad SRB"]
[Date "2016.11.12"]
[Round "7.16"]
[Board "1"]
[White "Bogosavljevic, Boban"]
[Black "Delaney, Killian"]
[Result "1-0"]
[WhiteTitle "GM"]
[WhiteElo "2520"]
[BlackElo "2227"]
[WhiteTeam "Jelica PEP - Goracici"]
[BlackTeam "Gonzaga"]
[WhiteFideId "931152"]
[BlackFideId "2501570"]
[EventDate "2016.11.06"]

1. Nf3 Nf6 2. g3 g6 3. Bg2 Bg7 4. O-O O-O 5. d4 d6 6. c4 Nc6 7. Nc3 a6 8. Re1
Rb8 9. Rb1 e5 10. d5 Nd4 11. Nd2 b5 12. e3 Nf5 13. b4 Bd7 14. c5 Ne7 15. c6 Bg4
16. Qb3 Qc8 17. a4 Bh3 18. axb5 axb5 19. Ra1 h5 20. Ra7 h4 21. Bh1 Bh6 22. Nde4
Ne8 23. f3 hxg3 24. hxg3 Kg7 25. Ra2 Bf5 26. Nf2 Qd8 27. g4 Bc8 28. f4 Rh8 29.
g5 Nf5 30. Nce4 Kg8 31. gxh6 Qh4 32. Qd1 Rxh6 33. Qf3 Kg7 34. Qg2 Nf6 35. Nxf6
Qxf6 36. Qg5 1-0

[Event "32nd ECC Open 2016"]
[Site "Novi Sad SRB"]
[Date "2016.11.12"]
[Round "7.16"]
[Board "2"]
[White "Li, Henry"]
[Black "Roganovic, Milos"]
[Result "0-1"]
[BlackTitle "IM"]
[WhiteElo "2113"]
[BlackElo "2478"]
[WhiteTeam "Gonzaga"]
[BlackTeam "Jelica PEP - Goracici"]
[WhiteFideId "2508524"]
[BlackFideId "937614"]
[EventDate "2016.11.06"]

1. e4 c5 2. Nc3 Nc6 3. Bb5 e6 4. Bxc6 bxc6 5. f4 d5 6. d3 Nf6 7. e5 Nd7 8. Nf3
Be7 9. O-O O-O 10. b3 Rb8 11. Na4 c4 12. Be3 cxb3 13. cxb3 c5 14. Rc1 d4 15. Bd2
Ba6 16. Nb2 h6 17. Qe1 Nb6 18. g4 Qd5 19. f5 f6 20. Nh4 Bb7 21. Qg3 fxe5 22. Ng6
Rbe8 23. Nxf8 Rxf8 24. Rce1 Bh4 25. Qf3 Qxf3 26. Rxf3 Bxe1 0-1

[Event "32nd ECC Open 2016"]
[Site "Novi Sad SRB"]
[Date "2016.11.12"]
[Round "7.16"]
[Board "3"]
[White "Djordjevic, Vuk"]
[Black "Freeman, Gordon"]
[Result "1/2-1/2"]
[WhiteElo "2432"]
[BlackElo "2119"]
[WhiteTeam "Jelica PEP - Goracici"]
[BlackTeam "Gonzaga"]
[WhiteFideId "902098"]
[BlackFideId "2501309"]
[EventDate "2016.11.06"]

1. d4 g6 2. e4 Bg7 3. Nf3 d6 4. Be2 Bg4 5. c3 c6 6. Be3 Nf6 7. Nfd2 Bxe2 8. Qxe2
Nbd7 9. f4 O-O 10. Na3 c5 11. O-O cxd4 12. cxd4 Qa5 13. Nac4 Qa6 14. Qf3 d5 15.
Ne5 dxe4 16. Nxe4 Nxe4 17. Qxe4 Nf6 18. Qf3 Rac8 19. a4 Rc2 20. b4 Qe2 21. Rfc1
Qxf3 22. Nxf3 Rfc8 23. Rxc2 Rxc2 24. Rc1 Rxc1+ 25. Bxc1 Nd5 26. Bd2 Nb6 27. a5
Nc4 28. Be1 Nd6 29. Kf2 e6 30. Ke3 Kf8 31. Kd3 Ke7 32. Bf2 a6 33. Bh4+ Kd7 34.
h3 Kc6 35. Be7 Nb5 36. Bc5 h6 37. Ne1 f5 38. Nf3 Kd5 39. Nh4 g5 40. Ng6 Bf6 41.
fxg5 hxg5 42. h4 gxh4 43. Nf4+ Kc6 44. Nxe6 Nc7 45. Nxc7 Kxc7 46. d5 Kd7 47. Ke2
Bg5 48. Kf3 Bd2 49. Ke2 Bg5 50. Kf3 Bd2 51. Kf2 Bf4 52. Ke1 Bd6 53. Ke2 Be5 54.
Kd3 Bf6 55. Kc4 Bd8 56. Bf2 Be7 57. b5 Bd8 58. Be1 Be7 59. bxa6 bxa6 60. Kd4 Bd6
61. Bxh4 Bb4 62. Ke5 Bxa5 63. Kxf5 Bc3 64. Ke4 a5 65. Kd3 Be5 66. Bf2 a4 67. Bc5
Bd6 68. Bd4 Bg3 69. Bb2 Bd6 70. g4 a3 71. Bc3 Bf4 72. Kc4 a2 73. Kc5 Be3+ 74.
Kc4 Bd2 75. Ba1 Kd6 76. Kd3 Kxd5 77. Kxd2 Ke4 78. g5 Kf5 79. Bf6 a1=Q 80. Bxa1
Kxg5 1/2-1/2

[Event "32nd ECC Open 2016"]
[Site "Novi Sad SRB"]
[Date "2016.11.12"]
[Round "7.16"]
[Board "4"]
[White "Jackson, Carl"]
[Black "Radovanovic, Mihajlo"]
[Result "0-1"]
[BlackTitle "IM"]
[WhiteElo "2108"]
[BlackElo "2370"]
[WhiteTeam "Gonzaga"]
[BlackTeam "Jelica PEP - Goracici"]
[WhiteFideId "2502585"]
[BlackFideId "940313"]
[EventDate "2016.11.06"]

1. e4 c5 2. Nc3 Nc6 3. g3 g6 4. Bg2 Bg7 5. f4 Rb8 6. Nf3 b5 7. O-O b4 8. Nd5 d6
9. d3 e6 10. Ne3 Nge7 11. Qe1 O-O 12. e5 dxe5 13. fxe5 Nxe5 14. Nxe5 Bxe5 15.
Nc4 Bd4+ 16. Kh1 Bb7 17. Bf4 Bxg2+ 18. Kxg2 Qd5+ 19. Rf3 g5 20. Bxb8 g4 21. Qe4
Qxe4 22. dxe4 gxf3+ 23. Kxf3 Rxb8 24. Rd1 Ng6 25. b3 Ne5+ 26. Nxe5 Bxe5 27. Rd7
Ra8 28. h3 a5 29. g4 a4 30. Rd2 Kg7 31. h4 Bc3 32. Re2 Rd8 33. Rg2 a3 34. Ke3
Rd1 35. Re2 Ra1 36. Kd3 Rxa2 37. Kc4 Rb2 38. Kxc5 a2 39. e5 a1=Q 40. Re4 Qa5+ 0-1

[Event "32nd ECC Open 2016"]
[Site "Novi Sad SRB"]
[Date "2016.11.12"]
[Round "7.16"]
[Board "5"]
[White "Radovic, Janko"]
[Black "McMorrow, John"]
[Result "1-0"]
[WhiteElo "2285"]
[BlackElo "1971"]
[WhiteTeam "Jelica PEP - Goracici"]
[BlackTeam "Gonzaga"]
[WhiteFideId "911518"]
[BlackFideId "2501481"]
[EventDate "2016.11.06"]

1. e4 e5 2. Nf3 Nc6 3. Bc4 Bc5 4. b4 Bxb4 5. c3 Bd6 6. d4 Nf6 7. O-O O-O 8. Nbd2
b6 9. Re1 Bb7 10. Bd3 Re8 11. Nc4 Qe7 12. Bg5 Qf8 13. d5 Na5 14. Bxf6 Nxc4 15.
Bxc4 gxf6 16. Nh4 Bc5 17. Nf5 Kh8 18. d6 cxd6 19. Qh5 d5 20. Qh4 Be7 21. Bxd5
Bxd5 22. exd5 Bd8 23. Re3 e4 24. Rh3 Qg8 25. Rg3 Qf8 26. Rg7 Qxg7 27. Nxg7 Kxg7
28. Qg4+ Kh8 29. Qxd7 Re7 30. Qc6 Rb8 31. d6 Re5 32. Rd1 Rc5 33. Qxe4 Rxc3 34.
h4 Rbc8 35. d7 Rb8 36. h5 Rc5 37. h6 Re5 38. Qc4 Rc5 39. Qxf7 Rg5 40. Re1 Rg8
41. Re8 1-0

[Event "32nd ECC Open 2016"]
[Site "Novi Sad SRB"]
[Date "2016.11.12"]
[Round "7.16"]
[Board "6"]
[White "Byrne, Ray"]
[Black "Radovic, Luka"]
[Result "0-1"]
[WhiteElo "1962"]
[BlackElo "2260"]
[WhiteTeam "Gonzaga"]
[BlackTeam "Jelica PEP - Goracici"]
[WhiteFideId "2500922"]
[BlackFideId "911569"]
[EventDate "2016.11.06"]

1. d4 Nf6 2. c4 c5 3. d5 g6 4. Nc3 Bg7 5. e4 d6 6. Bd3 O-O 7. Nge2 e6 8. O-O
exd5 9. exd5 Ng4 10. Bf4 f5 11. Qd2 Ne5 12. Bg5 Qc7 13. Rad1 Nf7 14. Be3 Nd7 15.
Nf4 Nd8 16. Ne6 Nxe6 17. dxe6 Bxc3 18. Qxc3 Ne5 19. Bf4 Re8 20. Rfe1 Rxe6 21.
Bf1 Qe7 22. Qd2 b6 23. Bg5 Qe8 24. f4 Nf7 25. Rxe6 Bxe6 26. Bf6 Qd7 27. b3 h6
28. Bb2 Kh7 29. Qc3 Rg8 30. Qf6 g5 31. fxg5 Nxg5 32. Bd3 Qf7 33. Rf1 Qxf6 34.
Bxf6 Kg6 35. Be7 Re8 36. Bxd6 Rd8 37. g4 Rxd6 38. gxf5+ Kg7 39. fxe6 Rxd3 0-1

[Event "32nd ECC Open 2016"]
[Site "Novi Sad SRB"]
[Date "2016.11.12"]
[Round "7.17"]
[Board "1"]
[White "Getz, Nicolai"]
[Black "Howell, David W L"]
[Result "0-1"]
[WhiteTitle "IM"]
[BlackTitle "GM"]
[WhiteElo "2434"]
[BlackElo "2655"]
[WhiteTeam "Oslo Schakselskap"]
[BlackTeam "Cheddleton"]
[WhiteFideId "1505572"]
[BlackFideId "410608"]
[EventDate "2016.11.06"]

1. e4 d6 2. d4 Nf6 3. Nc3 g6 4. Be3 c6 5. f3 Nbd7 6. Qd2 b5 7. Bd3 e5 8. Nge2
Bb7 9. O-O Bg7 10. Nd1 exd4 11. Nxd4 O-O 12. a4 a6 13. Nb3 Qc7 14. Bh6 Bxh6 15.
Qxh6 c5 16. Be2 d5 17. axb5 c4 18. Nd4 axb5 19. Ne3 Rxa1 20. Rxa1 dxe4 21. Ra7
Qb6 22. Rxb7 Qxb7 23. fxe4 Qxe4 24. Nxb5 Re8 25. Kf2 Nd5 26. Bxc4 Nxe3 27. Bxf7+
Kxf7 28. Qxh7+ Kf6 0-1

[Event "32nd ECC Open 2016"]
[Site "Novi Sad SRB"]
[Date "2016.11.12"]
[Round "7.17"]
[Board "2"]
[White "Hamitevici, Vladimir"]
[Black "Hauge, Lars Oskar"]
[Result "1/2-1/2"]
[WhiteTitle "IM"]
[BlackTitle "IM"]
[WhiteElo "2484"]
[BlackElo "2415"]
[WhiteTeam "Cheddleton"]
[BlackTeam "Oslo Schakselskap"]
[WhiteFideId "13902393"]
[BlackFideId "1509276"]
[EventDate "2016.11.06"]

1. d4 Nf6 2. Nf3 g6 3. Bg5 Bg7 4. Nbd2 d5 5. e3 O-O 6. Bd3 c5 7. c3 Qb6 8. Rb1
Nc6 9. O-O Re8 10. b4 cxb4 11. cxb4 a5 12. bxa5 Qxa5 13. Nb3 Qa3 14. Nc5 Qxa2
15. Ne5 Nxe5 16. dxe5 Qa7 17. Bb5 Rd8 18. Na4 Bf5 19. exf6 exf6 20. Bf4 Bxb1 21.
Qxb1 Rac8 22. e4 Qd4 23. Re1 dxe4 24. Rxe4 Qd1+ 25. Re1 Qxb1 26. Rxb1 Rc2 27.
Be3 f5 28. g3 Rd6 29. Nc5 b6 30. Nd7 g5 31. Bxb6 f4 32. Re1 Bc3 33. Re8+ Kg7 34.
Bc5 Rdd2 35. gxf4 gxf4 36. Kg2 Bd4 37. Bxd4+ Rxd4 38. Ne5 Rc5 39. Nf3 Rd6 40.
Bf1 Rg6+ 41. Kh1 Rc3 42. Bg2 Re6 43. Rxe6 fxe6 44. h4 Kf6 45. Kh2 h6 46. Nd2 Rc2
47. Ne4+ Kf5 48. Bf3 Rb2 49. Nd6+ Kf6 50. Kh3 Rb6 51. Ne4+ Kf5 52. Nd2 Rb4 53.
h5 Rd4 54. Bg4+ Kf6 55. Nf3 Rb4 56. Nd2 Rd4 57. Nf3 Ra4 58. Nd2 Ra2 59. Ne4+ Ke5
60. f3 Rc2 61. Kh4 Rc6 62. Ng5 hxg5+ 63. Kxg5 Rc8 64. h6 Rg8+ 65. Kh5 Kf6 66. h7
Rh8 67. Kh6 Rd8 68. Bh5 Rh8 1/2-1/2

[Event "32nd ECC Open 2016"]
[Site "Novi Sad SRB"]
[Date "2016.11.12"]
[Round "7.17"]
[Board "3"]
[White "Mihajlov, Sebastian"]
[Black "Williams, Simon K"]
[Result "1/2-1/2"]
[WhiteTitle "FM"]
[BlackTitle "GM"]
[WhiteElo "2359"]
[BlackElo "2444"]
[WhiteTeam "Oslo Schakselskap"]
[BlackTeam "Cheddleton"]
[WhiteFideId "1512110"]
[BlackFideId "404454"]
[EventDate "2016.11.06"]

1. d4 Nf6 2. c4 c5 3. d5 e5 4. Nc3 d6 5. e4 Nbd7 6. Nf3 Be7 7. g3 a6 8. a4 O-O
9. Bg2 Ne8 10. O-O g6 11. Ne1 f5 12. Nd3 Ng7 13. Kh1 Bf6 14. Be3 Qe8 15. Qd2 Nh5
16. f4 exf4 17. Nxf4 Nxf4 18. Bxf4 Ne5 19. b3 Bd7 20. Rae1 Qe7 21. exf5 Bxf5 22.
Ne4 Bxe4 23. Bxe4 Rab8 24. Bd3 Qd7 25. Kg2 Bg7 26. Bxe5 Bxe5 27. Rxf8+ Rxf8 28.
Rf1 Rxf1 29. Bxf1 Qg4 30. Qe2 Qd4 31. Qd3 Qb2+ 32. Be2 Kg7 33. Qe3 Qc2 34. Qd3
Qc1 35. Qd1 Qb2 36. Qd3 Kf6 37. Qf3+ Ke7 38. Kh3 Qd2 39. Qg4 Qh6+ 1/2-1/2

[Event "32nd ECC Open 2016"]
[Site "Novi Sad SRB"]
[Date "2016.11.12"]
[Round "7.17"]
[Board "4"]
[White "Eggleston, David J"]
[Black "Kovachev, Daniel Jakobsen"]
[Result "1/2-1/2"]
[WhiteTitle "IM"]
[BlackTitle "FM"]
[WhiteElo "2413"]
[BlackElo "2309"]
[WhiteTeam "Cheddleton"]
[BlackTeam "Oslo Schakselskap"]
[WhiteFideId "412120"]
[BlackFideId "1503448"]
[EventDate "2016.11.06"]

1. c4 e6 2. Nf3 d5 3. g3 dxc4 4. Qa4+ Nd7 5. Bg2 a6 6. Qxc4 b5 7. Qc2 Bb7 8. a4
c5 9. O-O Ngf6 10. d3 Be7 11. Nc3 Bc6 12. axb5 axb5 13. Rxa8 Qxa8 14. Nh4 Nd5
15. Bxd5 exd5 16. Nf5 Bf6 17. Nd6+ Ke7 18. Nf5+ Kf8 19. e4 g6 20. exd5 Bxd5 21.
Bh6+ Kg8 22. Ne3 Bc6 23. Ne4 Bd4 24. Qe2 Bg7 25. Ng4 Bxh6 26. Nxh6+ Kg7 27. Qe3
Re8 28. Nxf7 Rxe4 29. Qh6+ Kxf7 30. Qxh7+ Kf6 31. dxe4 Qa4 32. Qh4+ Kf7 33. Qf4+
Kg7 34. Re1 Qd4 35. Qc7 Qd2 36. Re3 Ba8 37. Qc8 Nb6 38. Qxc5 Nc4 39. Rf3 Qe1+
40. Kg2 Qxe4 41. Qf8+ Kh7 42. Qf7+ Kh6 43. Qf8+ Kh7 44. Qf7+ Kh6 1/2-1/2

[Event "32nd ECC Open 2016"]
[Site "Novi Sad SRB"]
[Date "2016.11.12"]
[Round "7.17"]
[Board "5"]
[White "Persson, Mats"]
[Black "Fodor, Tamas Jr."]
[Result "1/2-1/2"]
[WhiteTitle "FM"]
[BlackTitle "GM"]
[WhiteElo "2314"]
[BlackElo "2493"]
[WhiteTeam "Oslo Schakselskap"]
[BlackTeam "Cheddleton"]
[WhiteFideId "1708333"]
[BlackFideId "723762"]
[EventDate "2016.11.06"]

1. d4 d5 2. Nf3 Nf6 3. g3 b5 4. Bg2 e6 5. O-O Nbd7 6. c3 Nb6 7. Bg5 Bb7 8. Nbd2
c5 9. dxc5 Bxc5 10. Nb3 Be7 11. Na5 Qc8 12. Nxb7 Qxb7 13. Qd3 Nbd7 14. Nd2 Rd8
15. Qc2 h6 16. Bxf6 Nxf6 17. e4 dxe4 18. Nxe4 Qb6 19. Nxf6+ Bxf6 20. Rfd1 O-O
21. Rxd8 Rxd8 22. Rd1 Rxd1+ 23. Qxd1 b4 24. Qb3 bxc3 25. Qxb6 axb6 26. bxc3 Bxc3
27. h4 g6 28. a4 Kg7 29. Bc6 f5 30. f4 Kf6 31. Kg2 g5 32. hxg5+ hxg5 33. Kf3 g4+
34. Kg2 Be1 35. Bd7 Ke7 36. Bc8 Kd6 37. Kh2 Kd5 38. Kg2 Kd6 1/2-1/2

[Event "32nd ECC Open 2016"]
[Site "Novi Sad SRB"]
[Date "2016.11.12"]
[Round "7.17"]
[Board "6"]
[White "Steil-Antoni, Fiona"]
[Black "Stubberud, Ornulf"]
[Result "1/2-1/2"]
[WhiteTitle "WIM"]
[BlackTitle "FM"]
[WhiteElo "2141"]
[BlackElo "2281"]
[WhiteTeam "Cheddleton"]
[BlackTeam "Oslo Schakselskap"]
[WhiteFideId "4001249"]
[BlackFideId "1503758"]
[EventDate "2016.11.06"]

1. e4 d6 2. d4 Nf6 3. Bd3 e5 4. c3 Nc6 5. Nf3 g6 6. h3 Bg7 7. O-O O-O 8. Re1 a6
9. a4 h6 10. Na3 Nh5 11. Nc2 Qf6 12. Ne3 exd4 13. Nd5 Qd8 14. cxd4 Nf6 15. Nxf6+
Qxf6 16. Be3 Nb4 17. Bc4 a5 18. Rc1 Qe7 19. e5 d5 20. Bf1 c6 21. Qd2 Kh7 22. Nh2
Bf5 23. g4 Bd7 24. f4 Rac8 25. Qf2 f5 26. b3 Be6 27. Be2 Qd8 28. Kg2 Rf7 29. Qg3
Rfc7 30. Nf3 Qe8 31. Kh2 b6 32. Nh4 c5 33. gxf5 Bxf5 34. Nxf5 gxf5 35. Rg1 Qf7
36. dxc5 bxc5 37. Qh4 c4 38. Bh5 Qf8 39. Bg6+ Kh8 40. bxc4 Rxc4 41. Rxc4 Rxc4
42. Qh5 Nd3 43. Rf1 Re4 44. Bxf5 Rxe3 45. Qg6 Qg8 46. Bxd3 Bf8 47. Qxg8+ Kxg8
48. Bb5 Be7 49. Rd1 Bh4 50. Rxd5 1/2-1/2

[Event "32nd ECC Open 2016"]
[Site "Novi Sad SRB"]
[Date "2016.11.12"]
[Round "7.18"]
[Board "1"]
[White "Nijboer, Friso"]
[Black "Blomqvist, Erik"]
[Result "1/2-1/2"]
[WhiteTitle "GM"]
[BlackTitle "GM"]
[WhiteElo "2550"]
[BlackElo "2552"]
[WhiteTeam "En Passant"]
[BlackTeam "SK Rockaden"]
[WhiteFideId "1000063"]
[BlackFideId "1709437"]
[EventDate "2016.11.06"]

1. e4 c5 2. Nf3 d6 3. d4 cxd4 4. Nxd4 Nf6 5. Nc3 e6 6. Be3 Be7 7. f4 O-O 8. Be2
Nc6 9. Qd2 e5 10. Nb3 a5 11. a4 Nb4 12. O-O Be6 13. f5 Bxb3 14. cxb3 d5 15. exd5
Nfxd5 16. Nxd5 Qxd5 17. Qxd5 Nxd5 18. Kf2 Rfd8 19. Rad1 Nxe3 20. Kxe3 Rxd1 21.
Rxd1 Rd8 22. Rxd8+ Bxd8 23. Bf3 Be7 24. Bxb7 f6 25. Bd5+ Kf8 26. Be4 Bb4 27. g4
Ke7 28. Bd5 h6 29. h3 Kd6 30. Bg8 Ke7 31. Ke4 Kd6 32. Ke3 Ke7 33. Ke4 Kd6 34.
Ke3 Ke7 1/2-1/2